00209nam a2200085Ia 4500008004100000041000800041100001700049245004800066260000900114230508s1993 xx 000 0 und d aeng aSPIEGEL M.R. aADVANCED MATHEMATICS FOR ENGG. & SCIENTISTS c1993